01002 2200325 4500001002100000005001700021008004100038020002200079035002400101040001200125041000800137082001700145084001700162090001900179090002000198100003700218245016300255250001100418260003000429300003200459440002800491650002400519700002200543700002300565700001600588700001800604990001800622990001800640990001800658INLIS00000000003173420171109110515.0  a978-602-242-860-2 0010-101700000000412 aYOPDYOG0 aind042[23]a028.55 a028.55 Mei O aK 028.55 Mei O aPK 028.55 Mei O0 aMEIZA MAULIDA MUNAWAROHd, 2002-1 aOrator cilikc/ Meiza Maulida Munawaroh; ilustrasi, Agus Willy Kristy; penyunting naskah, Yulia Nurul Irawan, Nurchasanah; penyunting ilustrasi, Nabila Amanda aCet. 1 aBandungbDar! Mizanc2016 a111 hlm.b: ilus.c; 21 cm. aKecil-Kecil Punya Karya 4aBacaaan Kanak-Kanak0 aAgus Willy Kristy0 aYulia Nurul Irawan0 aNurchasanah0 aNabila Amanda a28390-PD/B.17 a28391-PD/B.17 a28392-PD/B.17